| 000 | 00810nam a2200265 a 4500 | ||
|---|---|---|---|
| 001 | 1465416 | ||
| 003 | OSt | ||
| 005 | 20231214135018.0 | ||
| 008 | 860219t19841977ii a b 001 0 eng | ||
| 010 | _a 86120324 | ||
| 020 | _a9788120345928 | ||
| 040 |
_aDLC _cDLC _dDLC |
||
| 050 | 0 | 0 |
_aQA297 _b.S34 1984 |
| 082 | 0 | 0 |
_a519.4 _bSAS/I |
| 100 |
_aSastry, S S _93966 |
||
| 245 | 1 | 0 |
_aIntroductory methods of numerical analysis / _cS.S. Sastry. |
| 250 | _a5th ed. | ||
| 260 |
_aNew Delhi : _bPrentice-Hall of India, _c1984, c1977. |
||
| 300 |
_a450p. : _bill. ; _c23 cm. |
||
| 500 | _aIncludes index. | ||
| 504 | _aBibliography: p. 191-192. | ||
| 650 | 0 | _aNumerical analysis. | |
| 906 |
_a7 _bcbc _corignew _d3 _encip _f19 _gy-gencatlg |
||
| 942 |
_2ddc _cBK _h519.4 _iSAS/I _k519.4 _mSAS/I |
||
| 999 |
_c44212 _d44212 |
||